Le mecanisme de l`oxidation: rapports et discussions

Saved in:
Bibliografiske detaljer
Institution som forfatter: Institut International de Chimie Solvay (Author)
Format: Bog
Sprog:fransk
Udgivet: Bruselas R. Stoops 1950
Fag:
Tags: Tilføj Tag
Ingen Tags, Vær først til at tagge denne postø!

MARC

LEADER 00000nam a2200000 a 4500
001 UCX9237
003 CL-VaPUC
008 940524e19500000BE |||||||||||||||||fre|d
082 0 4 |a 541.393  |b INS  |2 21 
110 2 |a Institut International de Chimie Solvay  |e author  |9 326615 
245 1 3 |a Le mecanisme de l`oxidation: rapports et discussions 
300 |a 503 p 
942 |c BK 
945 |d 19940524 00:00:00  |a mfernand 
260 |a Bruselas  |b R. Stoops  |c 1950 
650 0 |a Oxidación  |9 326616 
583 |a last modification  |c 19940524 00:00:00  |k Rodrigo Vera 
999 |c 228537  |d 228535 
952 |0 0  |1 0  |4 0  |6 541_393000000000000_INS_1950  |7 0  |8 A  |9 228720  |a BIBALI  |b BIBALI  |c GEN  |d 2019-11-15  |i 2977982  |o 541.393 INS 1950  |p 2977982  |r 2025-01-20  |w 2019-11-15  |y BK  |k ALI